00433 2200181 4500245005300000020001800053250001100071100002100082700001700103650001000120650000900130005001900139260003700158041001400195084001200209300002100221336000900242 aUdara di Sekeliling BumicBahrudin SupardihText a979-692-694-6 aCet. 1 aBahrudin Supardi aDaris Efendi aUdara aBumi a20230310092101 aBandungbRemaja Rosdakaryac2010 aIndonesia a551.525 a52 hlm. :cilus. atext